|
|
|
|
| LEADER |
01173nam a2200241 a 4500 |
| 001 |
2348146 |
| 008 |
091015r20061981 ii b 001 0 eng d |
| 010 |
|
|
|a 82901281
|
| 020 |
|
|
|a 086311377X
|
| 040 |
|
|
|a DLC
|c DLC
|d DLC
|
| 082 |
0 |
0 |
|a 891/.1
|2 19
|
| 100 |
1 |
|
|a Mukherjee, Sujit.
|
| 245 |
1 |
0 |
|a Translation as discovery and other essays on Indian literature in English translation /
|c Sujit Mukherjee.
|
| 260 |
|
|
|a New Delhi :
|b Allied ;
|a Hyderabad :
|b Orient longman,
|c 1981.[Reprinted 2006]
|
| 300 |
|
|
|a x, 181 p. ;
|c 22 cm.
|
| 504 |
|
|
|a Includes Bibliographical references and index`
|
| 541 |
1 |
|
|e 00019393
|
| 650 |
|
0 |
|a Indic literature
|x Translations into English
|x History and criticism.
|
| 650 |
|
0 |
|a Translating and interpreting
|z English-speaking countries.
|
| 651 |
|
0 |
|a India
|x Languages
|x Translating into English.
|
| 852 |
4 |
|
|a Ayesha Abed Library
|j General shelf
|
| 999 |
|
|
|c 4687
|d 4687
|
| 952 |
|
|
|0 0
|1 0
|2 ddc
|4 1
|6 891_100000000000000_MUK
|7 0
|9 4473
|a ENH
|b ENH
|d 2009-10-13
|e High Commisiion of India
|l 1
|o 891.1 MUK
|p 3010019393
|r 2014-05-14
|s 2013-02-18
|t 1
|w 2009-10-18
|y BK
|x Departmental-issued damaged books were found in the ENH department for the reason of termites eaten in 2016
|